Estratègies i propostes [Recurs electrònic] : pla de mandat 2003 - 2007 / direcció: Fèlix Manito ; coordinació: Cristina Valls pla de mandat 2003 - 2007 / direcció:
Publicado:
Barcelona :
Diputació de Barcelona. Centre per a la Participació Ciutadana. Organisme Autònom Flor de Maig ; Cerdanyola del Vallès : Kreanta ,
2003
Descripción Física:
1 disc òptic (CD-ROM) ; 12 cm
MARC
| LEADER | 00000nam a2200000Ia 4500 | ||
|---|---|---|---|
| 001 | 22272 | ||
| 008 | 160829s2003 xx 000 0 cat d | ||
| 080 | |a CD-1-159 | ||
| 245 | |a Estratègies i propostes [Recurs electrònic] : |b pla de mandat 2003 - 2007 / direcció: |b Fèlix Manito ; coordinació: |b Cristina Valls | ||
| 260 | |a Barcelona : |b Diputació de Barcelona. Centre per a la Participació Ciutadana. Organisme Autònom Flor de Maig ; Cerdanyola del Vallès : |b Kreanta, |c 2003 | ||
| 300 | |a 1 disc òptic (CD-ROM) ; |c 12 cm | ||
| 590 | |a Prové de B-274, exp. 7 | ||
| 650 | |a Barcelona. Diputació. Centre per a la Participació Ciutadana | ||
| 700 | |a Manito, Fèlix, dir. |9 41086 | ||
| 700 | |a Valls, Cristina, coord. |9 41087 | ||
| 710 | |a Flor de Maig |9 54173 | ||
| 710 | 2 | |a Organisme Autònom Flor de Maig |9 54170 | |
| 901 | |a Arxiu | ||
| 942 | |n 1 | ||
| 952 | |0 0 |1 0 |4 0 |6 CD1159 |7 1 |9 50037 |a Arxiu |b Arxiu |d 2016-12-01 |l 0 |o CD-1-159 |p 22272 |r 2016-12-01 00:00:00 |w 2016-12-01 |y ARXIU | ||
| 999 | |c 53879 |d 53879 | ||